000 00756nam a2200193Ia 4500
003 GCL
008 140319s9999 xx 000 0 ara d
040 _aGCL /
_cGCL
082 0 4 _aق
_b322.4
_bك ف
100 1 _aكرم جبر
245 1 0 _aفؤاد علام اخطر لواء امن دولة يروى: السادات - المباحث - والاخوان /
_cكرم جبر
300 _a202 ص
490 _aالهيئة العامة للاستعلامات
_v0
650 0 4 _aالاسلام والسياسة
650 0 4 _aالاخوان المسلمون
650 0 4 _aمصر - تاريخ - العصر الحديث - جمال عبدالناصر ( 1954-1970 )
650 0 4 _aمصر - تاريخ - العصر الحديث (1805 - 1956 )
942 _2ddc
_cBK
999 _c49050
_d49050